• 首页
  • 本馆介绍
  • 公告通知
  • 最新文献
  • 馆藏检索
  • 电子资源
  • 读者导购
  • 参考咨询
  • 我的图书馆
  • 登录
  • 详细信息显示
  • 放入我的书架
  • 预约/预借图书
  • 作者相关作品
  • 分类相关作品
  • 丛书相关作品
  • 出版社相关作品

书目信息

  • 表格格式
  • 工作单格式
  • 卡片格式
题名:
爱丽思欧雅玛的经营理念
    
 
作者: 大山健太郎 著 ;周征文 译
分册:  
出版信息: 北京   东方出版社  2019
页数: 228页
开本: 21cm
丛书名:
单 册:
中图分类: F431.368
科图分类:
主题词: 日用品--工业企业管理--经验--日本
电子资源:
ISBN: 978-7-5207-0614-8
000 01171nam0 2200241 450
001 2345246034
005 20230923123423.53
010    @a978-7-5207-0614-8@b精装@dCNY48.00
100    @a20190508d2019 em y0chiy50 ea
101 1  @achi@cjpn
102    @aCN@b110000
105    @aa z 000yy
200 1  @a爱丽思欧雅玛的经营理念@Aai li si ou ya ma de jing ying li nian@f(日)大山健太郎著@g周征文译
210    @a北京@c东方出版社@d2019
215    @a228页@c照片@d21cm
314    @a大山健太郎,1945年生于大阪,爱丽思欧雅玛株式会社董事长兼社长。
330    @a大山先生用鲜活的经历手把手教你如何“发现商机、创造市场需求,引领消费潮流”。本书详细地讲述了如何把一个利润微薄的“代工企业”经营成销售额突破3400亿日元的集团过程。虽然历经石油危机、泡沫经济破灭、雷曼事件和关东大地震的冲击,但是大山先生始终能够“化危机为机遇”于绝境之中转变思维方式,发现商机,展现出色的领导力,提出“不是制造出产品再卖出,而是高效率地制造卖得出去的产品”的理念。
606 0  @a日用品@x工业企业管理@x经验@y日本
690    @aF431.368@v5
701  0 @c(日)@a大山健太郎@Ada shan jian tai lang@f(1945-)@4著
702  0 @a周征文@Azhou zheng wen@4译
801  0 @aCN@b安徽时代@c20230923
905    @aBZT@dF431.368@e3
    
    爱丽思欧雅玛的经营理念/(日)大山健太郎著/周征文译.-北京:东方出版社,2019
    228页:照片;21cm
    
    
    ISBN 978-7-5207-0614-8(精装):CNY48.00
    大山先生用鲜活的经历手把手教你如何“发现商机、创造市场需求,引领消费潮流”。本书详细地讲述了如何把一个利润微薄的“代工企业”经营成销售额突破3400亿日元的集团过程。虽然历经石油危机、泡沫经济破灭、雷曼事件和关东大地震的冲击,但是大山先生始终能够“化危机为机遇”于绝境之中转变思维方式,发现商机,展现出色的领导力,提出“不是制造出产品再卖出,而是高效率地制造卖得出去的产品”的理念。
●
相关链接 在五车中查询图书 在当当中查询图书 在豆瓣中查询图书


正题名:爱丽思欧雅玛的经营理念     索取号:F431.368/3         预约/预借

序号 登录号 条形码 馆藏地/架位号 状态 备注
1 2000916481   2000916481   315书库/四6架A面5层3列/ [索取号:F431.368/3] 在馆    
2 2000916482   2000916482   315书库/四6架A面5层3列/ [索取号:F431.368/3] 在馆    
3 2000916483   2000916483   315书库/四6架A面5层3列/ [索取号:F431.368/3] 在馆    
4 2000916484   2000916484   315书库/四6架A面5层3列/ [索取号:F431.368/3] 在馆    
5 2000916485   2000916485   315书库/四6架A面5层3列/ [索取号:F431.368/3] 在馆    
6 2000916486   2000916486   315书库/四6架A面5层3列/ [索取号:F431.368/3] 在馆    
山东省滨州职业学院图书馆 欢迎您!
大连网信软件有限公司© 版权所有